Drogi Ekspresowe w Polsce - Nagła śmierć - Statystyki

Ogólne statystyki
  • Ten quiz został rozwiązany 129 razy
  • Średni wynik to 13 z 29
Answers on the Grid
Answers color-coded by a green-red scale on the quiz's grid according to % correct below.
S1
S2
S3
S4
S5
S6
S7
S8
S9
S10
S11
S12
S14
S16
S17
S18
S19
S21
S22
S25
S33
S48
S50
S51
S52
S61
S62
S72
S74
S79
S631
S69
S82
S94
S84
S86
A1
A2
A3
A4
A6
A7
A8
A10
A11
A18
A20
A50
A85
 
Statystyki odpowiedzi
Odpowiedź % Poprawnych
S1
93%
S2
86%
S3
81%
S7
63%
S8
61%
A1
58%
A2
58%
S5
56%
S6
54%
A4
49%
S19
49%
S10
44%
S17
42%
A8
41%
S12
41%
S14
41%
A6
39%
S11
39%
S16
39%
S22
37%
A18
36%
S52
32%
S50
29%
S51
29%
S61
29%
S74
29%
S86
29%
A50
27%
S79
25%
Nie znaleziono quizów pasujących do podanych kryteriów
Rozkład punktacji
Procent ludzi z każdym wynikiem
Percentyl według liczby udzielonych odpowiedzi
Twoja historia wyników
Nie rozwiązałeś tego quizu